00325nam a2200121Ia 4500003000400000008004100004040001600045082001500061245005800076260005300134300001100187490000500198GCL140319s9999 xx 000 0 ara d aGCL / cGCL04a649bس ع10aالعناية بالحامل بدنيا ونفسيا a[S.N] : bالمركز العربى الحديث a166 ص a